Kadra Chelsea 2022/2023 - Statystyki

Ogólne statystyki
  • Ten quiz został rozwiązany 52 razy
  • Średni wynik to 14 z 32
Statystyki odpowiedzi
Hint Odpowiedź % Poprawnych
2 Kepa Arrizabalaga
76%
23 Kai Havertz
73%
11 Ben Chilwell
68%
1 Edouard Mendy
66%
9 Thiago Silva
66%
15 Ngolo Kante
63%
22 Mason Mount
61%
13 Reece James
61%
17 Enzo Fernandez
56%
10 Marc Cucurella
56%
29 Joao Felix
51%
24 Raheem Sterling
51%
14 Cesar Azpilicueta
49%
18 Mateo Kovacic
49%
5 Wesley Fofana
49%
26 Christian Pulisic
46%
27 Hakim Ziyech
44%
6 Benoit Badiashile
41%
7 Kalidou Koulibaly
41%
28 Noni Madueke
39%
31 Pierre Emerick Aubameyang
39%
20 Ruben Loftus Cheek
37%
32 David Datro Fofana
34%
25 Mykhailo Mudryk
32%
3 Gabriel Slonina
27%
12 Lewis Hall
27%
4 Marcus Bettinelli
27%
8 Trevoh Chalobah
27%
30 Armando Broja
24%
19 Conor Gallagher
24%
16 Denis Zakaria
17%
21 Carney Chukwuemeka
12%
Nie znaleziono quizów pasujących do podanych kryteriów
Rozkład punktacji
Procent ludzi z każdym wynikiem
Percentyl według liczby udzielonych odpowiedzi
Twoja historia wyników
Nie rozwiązałeś tego quizu